| 000 | 00515nam a2200157Ia 4500 | ||
|---|---|---|---|
| 008 | 220204s9999 xx 000 0 und d | ||
| 082 |
_aNR:33 _bINT.2 |
||
| 245 | 0 | _aInternational rubber forum: 32nd Assembly, Ottawa, Canada. September 1990. V 2. Developments in the SR sector | |
| 260 |
_aLondon _bIRSG _c1990 |
||
| 650 | _aSpeciality synthetic rubbers | ||
| 650 | _aStyrene butadiene rubber | ||
| 650 | _aSynthetic rubbers | ||
| 650 | _aThermoplastic elastomers | ||
| 650 | _aUSSR rubber industry | ||
| 942 | _cBK | ||
| 999 |
_c40317 _d40317 |
||